Academy of Entrepreneurship journal

Bibliographic Details
Corporate Author: Academy of Entrepreneurship (Cullowhee, N.C.)
Format: Electronic Journal
Language:English
Published: [Cullowhee, N.C.] : Allied Academies, [1995-
Subjects:
Online Access:Full text available from Research Library: 01/01/2006 to present

MARC

LEADER 00000nas a22000007a 4500
001 ssj0057426
003 WaSeSS
005 20200512172242.0
006 m d
007 cr n
008 000121c19959999ncufr pss 0 a0eng c
010 |a  00211174  
022 |a 1528-2686  |l 1087-9595  |y 1087-9595 
035 |a (WaSeSS)ssj0057426 
040 |a NSD  |b eng  |c NSD  |d OCLCQ  |d OCLCS  |d OCLCQ  |d VT2  |d OCLCO  |d OCLCF  |d OCLCO  |d OCLCQ  |d AU@  |d WaSeSS 
042 |a nsdp  |a pcc 
082 1 0 |a 338  |2 13 
130 0 |a Academy of Entrepreneurship journal (Online) 
210 0 |a Acad. Entrep. j.  |b (Online) 
222 0 |a Academy of Entrepreneurship journal  |b (Online) 
245 1 0 |a Academy of Entrepreneurship journal  |h [electronic resource]. 
260 |a [Cullowhee, N.C.] :  |b Allied Academies,  |c [1995- 
310 |a Semiannual 
362 0 |a Vol. 1, no. 1 (fall 1995)- 
500 |a Title from contents screen. 
506 |a License restrictions may limit access. 
538 |a Mode of access: World Wide Web. 
650 0 |a Managerial economics  |v Periodicals. 
650 0 |a Entrepreneurship  |v Periodicals. 
650 7 |a Entrepreneurship.  |2 fast  |0 (OCoLC)fst00912787 
650 7 |a Managerial economics.  |2 fast  |0 (OCoLC)fst01007340 
655 0 |a Electronic journals. 
710 2 |a Academy of Entrepreneurship (Cullowhee, N.C.) 
776 1 |t Academy of Entrepreneurship journal  |x 1087-9595  |w (DLC) 96642237 
856 4 0 |z Full text available from Research Library: 01/01/2006 to present  |u https://search.proquest.com/publication/29726